Statistiques concernant Élimination par catégorie - Rois de France#1.

Cliquez ici pour prendre le quiz!

Statistiques générales

  • Ce quiz a été pris 2 139 fois
  • Le résultat moyen est 15 sur 20

Statistiques - réponses

Groupe#Catégorie% Correct
Vert15Roi capétien
93%
Vert10... ne s'appelant pas Louis
88%
Rose18Roi s'appelant Louis
88%
Bleu17Roi ayant régné pendant ou après le 15e siècle
88%
Rose9…né après 1200
87%
Rose4... ayant régné plus de 30 ans
87%
Jaune16Roi carolingien
86%
Rose2...n'ayant pas transmis le trône à son fils
86%
Rose1…et n'ayant régné que sur un siècleLouis XV
82%
Bleu11...n'étant pas un bourbon
77%
Vert6... ayant un chiffre impair
77%
Bleu5…ayant un chiffre impair
76%
Jaune12…ne s'appelant pas Charles
71%
Vert3... ayant régné moins de 10 ans
67%
Jaune4…étant le seul roi de France à porter ce nom
58%
Bleu2…ayant succédé à son frère
57%
Jaune3... ayant 5 lettres ou moins dans son nom
54%
Bleu1…ayant été assassinéHenri III
52%
Jaune1...étant né avant CharlemagnePépin le Bref
48%
Vert1... auquel son oncle a succédéJean Ier
28%

Distribution des résultats

Percentile par nombre de réponses

% des personnes avec chaque résultat

Votre développement - résultats

Vous n’avez pas pris ce quiz